<?xml version="1.0" encoding="UTF-8"?>
<marc:record xmlns:marc="http://www.loc.gov/MARC21/slim">
   <marc:leader>00000nam a2200000 a 4500</marc:leader>
   <marc:datafield ind1="1" ind2=" " tag="100">
      <marc:subfield code="a">Romankiewicz, Brigitte</marc:subfield>
      <marc:subfield code="4">aut</marc:subfield>
      <marc:subfield code="e">Verfasser/-in</marc:subfield>
   </marc:datafield>
   <marc:datafield ind1=" " ind2=" " tag="653">
      <marc:subfield code="a">Religion</marc:subfield>
   </marc:datafield>
   <marc:datafield ind1=" " ind2=" " tag="653">
      <marc:subfield code="a">Christentum</marc:subfield>
   </marc:datafield>
   <marc:datafield ind1=" " ind2=" " tag="653">
      <marc:subfield code="a">Schwarze Madonna</marc:subfield>
   </marc:datafield>
   <marc:datafield ind1="0" ind2="0" tag="245">
      <marc:subfield code="a">Die schwarze Madonna</marc:subfield>
   </marc:datafield>
   <marc:datafield ind1="0" ind2="0" tag="245">
      <marc:subfield code="b">Hintergründe einer Symbolgestalt</marc:subfield>
   </marc:datafield>
   <marc:datafield ind1="0" ind2="0" tag="245">
      <marc:subfield code="c">Brigitte Romankiewicz</marc:subfield>
   </marc:datafield>
   <marc:datafield ind1=" " ind2="1" tag="264">
      <marc:subfield code="a">Düsseldorf</marc:subfield>
      <marc:subfield code="b">Patmos-Verl.</marc:subfield>
      <marc:subfield code="c">2004</marc:subfield>
   </marc:datafield>
   <marc:datafield ind1="1" ind2=" " tag="520">
      <marc:subfield code="a">Schwarze Madonnen sind ein eigenartiges Phänomen in der christlichen Bilderwelt. Manche sind erst durch Kerzenruß schwarz geworden, werden aber absichtlich so restauriert. Mithilfe der Archetypenlehre nach C. G. Jung, die sie zu Beginn kurz erläutert, versucht die Symbolforscherin Romankiewicz eine Deutung und führt den Leser dabei durch zahlreiche Göttinnen-Kulte verschiedener Kulturen und Epochen. Ihr Ausgangspunkt ist dabei nicht christlich, sondern allgemein-religionsgeschichtlich. 10 schwarze Madonnen (auch Altötting und Einsiedeln) werden exemplarisch für viele weitere detailliert in ihrer Geschichte und möglichen Aussage behandelt. Die kleinen schwarz-weißen Fotos im Text sind leider nicht sehr aussagestark, werden aber in einem eigenen Anhang erläutert. Bei aller Fülle an Informationen bleibt der Text gut verständlich. Das Werk empfiehlt sich in Regionen mit besonderer Marienfrömmigkeit, aber auch für religionsgeschichtlich interessierte Menschen.</marc:subfield>
   </marc:datafield>
   <marc:datafield ind1=" " ind2=" " tag="020">
      <marc:subfield code="a">349172483X</marc:subfield>
      <marc:subfield code="9">349172483X</marc:subfield>
   </marc:datafield>
   <marc:datafield ind1=" " ind2=" " tag="300">
      <marc:subfield code="a">215 S. : Ill.</marc:subfield>
   </marc:datafield>
</marc:record>
